Modos de estructuración mitica de la realidad en la novela hispanoamericana contemporánea
Gorde:
| Egile nagusia: | |
|---|---|
| Formatua: | Liburua |
| Hizkuntza: | gaztelania |
| Argitaratua: |
Santiago
Universidad Católica de Chile
1970
|
| Saila: | Serie Monografías, 8
|
| Gaiak: | |
| Etiketak: |
Etiketa erantsi
Etiketarik gabe, Izan zaitez lehena erregistro honi etiketa jartzen!
|
MARC
| LEADER | 00000nam a2200000 a 4500 | ||
|---|---|---|---|
| 001 | UCX6253 | ||
| 003 | CL-VaPUC | ||
| 008 | 930506e19700000CL |||||||||||||||||spa|d | ||
| 082 | 0 | 4 | |a H863.09 |b JAR |2 21 |
| 100 | |a Jara Cuadra, René |e autor |9 743669 | ||
| 245 | 1 | 0 | |a Modos de estructuración mitica de la realidad en la novela hispanoamericana contemporánea |
| 300 | |a 26 p | ||
| 942 | |c BK | ||
| 945 | |d 19930506 00:00:00 | ||
| 260 | |a Santiago |b Universidad Católica de Chile |c 1970 | ||
| 650 | 7 | |a NOVELA HISPANOAMERICANA |2 CL-VaPUC |9 309990 | |
| 650 | 0 | |a Crítica literaria |9 269189 | |
| 583 | |a last modification |c 19930506 00:00:00 |k Rodrigo Vera | ||
| 490 | 0 | |a Serie Monografías, 8 | |
| 999 | |c 226307 |d 226305 | ||